| 000 | 00784nam a22002297a 4500 | ||
|---|---|---|---|
| 999 |
_c8606 _d8606 |
||
| 003 | AR-CdUCM | ||
| 008 | 190325b ||||| |||| 00| 0 spa d | ||
| 040 |
_aMUNICIPALIDAD PROVINCIAL DEL CUSCO _cBIBLIOTECA MUNICIPAL DEL CUSCO |
||
| 082 |
_a330.985 / _bR72 |
||
| 100 |
_aRoca S., Erasmo _924085 |
||
| 245 | _aEl nacionalismo económico y la justicia social / | ||
| 260 |
_aLima : _bUNMSM, Facultad de Ciencias Económicas y Comerciales, _c1961. |
||
| 300 |
_a151 páginas ; _c18 cm. |
||
| 500 | _aDonación de la familia Nieto | ||
| 650 |
_aPerú _935 |
||
| 650 |
_aEconomía _9382 |
||
| 650 |
_aCondiciones económicas _91989 |
||
| 650 |
_aCondiciones Sociales _92640 |
||
| 710 |
_aUniversidad Nacional Mayor de San Marcos (Lima). _99962 |
||
| 942 |
_2ddc _cLIBROS |
||
| 945 | _araen | ||